00538nam a22001577a 450000500170000001000150001702000300003203500140006203700130007608200080008910000220009724501230011926000390024227000710028130000280035220220926170744.0 aENG-135203 c950.00a978-81-9311-024-9 aEN-118734 bDBAD/PUB 2200 aZinta, Roshan Lal aReligious paychology:bConflicts reconciliation through possession of local deities/cRoshan Lal Zinta and Dipika Negi aNew DelhibIndu Book Servicec2016 bNew Delhia4638, 1 First Floor, 21, Ansari Road, Daryaganje110002 a135p.c22cm(hbk)bindex